000 00546cam a22001814a 4500
005 20250605164401.0
008 250528s ||||||||||||||||||||||||d
035 _a24604
040 _aGR-AtMCL
_bgre
_dGR-AtMCL
_eAACR2
245 1 _aAramco World
260 _bAramco Americas,
_c2021
300 _a40
520 _aFor the Love of Reading, The Alhambras of Latin America, Habibi Funk's Musical Revivals, Britain's Muslim Heritage Trails, Cinnamon.
700 1 _aDoughty Richard
_99493
942 _cCR
999 _c9473
_d9473